Приборы теплового контроля электростанций. Т. 1 (Запись № 13620588)

Подробности
000 -МАРКЕР
контрольное поле 01647nam2a2200289 4500
001 - ИДЕНТИФИКАТОР ЗАПИСИ
контрольное поле rc\3028799
005 - ИДЕНТИФИКАТОР ВЕРСИИ
контрольное поле 20260315065014.0
035 ## - ДРУГИЕ СИСТЕМНЫЕ НОМЕРА
Идентификатор записи (NLR Aleph) 007169884
100 ## - ДАННЫЕ ОБЩЕЙ ОБРАБОТКИ
Данные общей обработки 20110930d1940 u y0rusy50 ca
101 0# - ЯЗЫК РЕСУРСА
Язык текста, звукозаписи и т.д. русский
102 ## - СТРАНА ПУБЛИКАЦИИ ИЛИ ПРОИЗВОДСТВА
Страна публикации Российская Федерация
105 ## - ПОЛЕ КОДИРОВАННЫХ ДАННЫХ: ТЕКСТОВЫЕ МАТЕРИАЛЫ, МОНОГРАФИЧЕСКИЕ
Кодированные данные о монографическом текстовом документе a z |||||
200 0# - ЗАГЛАВИЕ И СВЕДЕНИЯ ОБ ОТВЕТСТВЕННОСТИ
Основное заглавие Т. 1
Первые сведения об ответственности [К. А. Виноградов, Р.Г. Зах, Ю.М. Кострикин и др.]
210 ## - ПУБЛИКАЦИЯ, РАСПРОСТРАНЕНИЕ И ДР.
Дата издания, распространения и т.д. 1940
215 ## - ФИЗИЧЕСКАЯ ХАРАКТЕРИСТИКА
Специфическое обозначение материала и объем 256 с., 1 вкл. л. черт.
Другие сведения о физической характеристике ил., черт.
300 ## - ОБЩИЕ ПРИМЕЧАНИЯ
Текст примечания Коллективный труд работников Всес. теплотехн. ин-та им. Ф. Дзержинского и приборостроит. орг-ций
320 ## - ПРИМЕЧАНИЯ О НАЛИЧИИ В ДОКУМЕНТЕ БИБЛИОГРАФИИ / УКАЗАТЕЛЯ
Текст примечания Алф. указатель: с. 255-6
461 #0 - УРОВЕНЬ НАБОРА
Встроенное поле 001rc\3028798
-- 2000#$aПриборы теплового контроля электростанций$eУтв. ГУУЗ НКЭП СССР в качестве учебника для курсов мастеров соц. труда. Т. 1 -$fПод ред. инж. Г.Е. Холодовского$vТ. 1
Системный номер (АБИС) связанной записи 7335063
Место публикации Москва
Дата публикации 1940
Первые сведения об ответственности Под ред. инж. Г.Е. Холодовского
Имя издателя, распространителя и т.д. Госэнергоиздат
Сведения, относящиеся к заглавию Утв. ГУУЗ НКЭП СССР в качестве учебника для курсов мастеров соц. труда. Т. 1 -
Заглавие Приборы теплового контроля электростанций
Номер тома Т. 1
702 #1 - ИМЯ ЛИЦА - ВТОРИЧНАЯ ОТВЕТСТВЕННОСТЬ
Начальный элемент ввода Виноградов
Часть имени, кроме начального элемента ввода К.А.
Код отношения Составитель
702 #1 - ИМЯ ЛИЦА - ВТОРИЧНАЯ ОТВЕТСТВЕННОСТЬ
Начальный элемент ввода Зах
Часть имени, кроме начального элемента ввода Р.Г.
Код отношения Составитель
702 #1 - ИМЯ ЛИЦА - ВТОРИЧНАЯ ОТВЕТСТВЕННОСТЬ
Начальный элемент ввода Кострикин
Часть имени, кроме начального элемента ввода Ю.М.
Код отношения Составитель
801 #0 - ИСТОЧНИК ЗАПИСИ
Страна Российская Федерация
Организация NLR
Правила каталогизации psbo
801 #1 - ИСТОЧНИК ЗАПИСИ
Страна Российская Федерация
Организация ELAR
Источник данных rusmarc
852 ## - МЕСТОНАХОЖДЕНИЕ И ШИФР ХРАНЕНИЯ
Идентификатор организации NLR
Шифр хранения (Call Number) 40-19/37(1)
942 ## - ДОПОЛНИТЕЛЬНЫЕ ЭЛЕМЕНТЫ ЗАПИСИ (АБИС)
Тип экземпляра АБИС Неопределено
980 ## - КОЛЛЕКЦИЯ
Название коллекции Национальная библиография

Нет доступных экземпляров.